000 00761cam a22002413a 4500
001 14519
003 PGUSA
005 20140828083318.0
008 041229s2004||||xxu|||||s|||||000 | eng d
040 _aPGUSA
_beng
042 _adc
050 4 _aPR
100 1 _aSutro, Alfred,
_d1863-1933
245 1 0 _aFive Little Plays
_h[electronic resource] /
_cAlfred Sutro
260 _bProject Gutenberg,
_c2004
505 0 _aThe man in the stalls -- A marriage has been arranged.... -- The man on the kerb -- The open door -- The bracelet.
506 _aPublic domain in the USA.
516 _aElectronic text
653 _aEnglish drama -- 20th century
830 0 _aProject Gutenberg
_v14519
856 4 0 _uhttp://www.gutenberg.org/ebooks/14519
942 _cEB
999 _c243774
_d243774